Stilleben : das Übersehene in der Malerei
Saved in:
| Main Author: | |
|---|---|
| Other Authors: | |
| Document Type: | Book |
| Language: | German |
| Published: |
München
: Fink
, 2003
|
| Series: | Bild und Text
|
| Subjects: | |
| Online Access: | Inhaltsverzeichnis Rezension Rezension |
| Related Items: | Rezensiert in:
[Rezension von: Norman Bryson, Stilleben] |
| Author Notes: | Norman Bryson. Aus dem Engl. von Christiane Spelsberg |
| LEADER | 03473cam a2200745 c 4500 | ||
|---|---|---|---|
| 001 | 358060664 | ||
| 003 | DE-627 | ||
| 005 | 20251210114404.0 | ||
| 007 | tu | ||
| 008 | 021211s2003 gw ||||| 00| ||ger c | ||
| 015 | |a 03,N01,1224 |2 dnb | ||
| 016 | 7 | |a 965720330 |2 DE-101 | |
| 020 | |a 3770538110 |q kart.: 29.90 EUR, ca. 50.80 CHF |9 3-7705-3811-0 | ||
| 024 | 3 | |a 9783770538119 | |
| 035 | |a (DE-627)358060664 | ||
| 035 | |a (DE-576)103904409 | ||
| 035 | |a (DE-599)DNB965720330 | ||
| 035 | |a (OCoLC)237804229 | ||
| 035 | |a (OCoLC)66734140 | ||
| 035 | |a (AT-OBV)AC03657808 | ||
| 040 | |a DE-627 |b ger |c DE-627 |e rakwb | ||
| 041 | |a ger | ||
| 044 | |c XA-DE | ||
| 082 | 0 | 4 | |a 46 |
| 084 | |a 46 |2 sdnb | ||
| 084 | |a 9,10 |2 ssgn | ||
| 084 | |a CC 6900 |q BVB |2 rvk |0 (DE-625)rvk/17665: | ||
| 084 | |a LH 70480 |q BVB |2 rvk |0 (DE-625)rvk/94831: | ||
| 084 | |a 21.19 |2 bkl | ||
| 084 | |a 21.02 |2 bkl | ||
| 100 | 1 | |a Bryson, Norman |d 1949- |0 (DE-588)133476936 |0 (DE-627)546768474 |0 (DE-576)160461200 |4 aut | |
| 240 | 1 | 0 | |a Looking at the overlooked, four essays on still life painting <dt.> |
| 245 | 1 | 0 | |a Stilleben |b das Übersehene in der Malerei |c Norman Bryson. Aus dem Engl. von Christiane Spelsberg |
| 263 | |a Kt. : ca. 29.90 EUR, ca. 50.80 CHF | ||
| 264 | 1 | |a München |b Fink |c 2003 | |
| 300 | |a 207 S. |b Ill. | ||
| 336 | |a Text |b txt |2 rdacontent | ||
| 337 | |a ohne Hilfsmittel zu benutzen |b n |2 rdamedia | ||
| 338 | |a Band |b nc |2 rdacarrier | ||
| 490 | 0 | |a Bild und Text | |
| 583 | 1 | |a Archivierung/Langzeitarchivierung gewährleistet |f SSG |x XA-DE-BW |2 pdager |5 DE-16 | |
| 648 | 7 | |a Geschichte 150 v. Chr.-1914 |2 gnd | |
| 689 | 0 | 0 | |d s |0 (DE-588)4037220-0 |0 (DE-627)10623871X |0 (DE-576)209022892 |a Malerei |2 gnd |
| 689 | 0 | 1 | |d s |0 (DE-588)4057577-9 |0 (DE-627)106150502 |0 (DE-576)209122560 |a Stillleben |2 gnd |
| 689 | 0 | |5 DE-101 | |
| 689 | 1 | 0 | |d s |0 (DE-588)4057577-9 |0 (DE-627)106150502 |0 (DE-576)209122560 |a Stillleben |2 gnd |
| 689 | 1 | |5 (DE-627) | |
| 700 | 1 | |a Spelsberg, Christiane |e Übers. |4 trl | |
| 700 | 1 | 2 | |a Bryson, Norman |d 1949- |t Looking at the overlooked, four essays on still life painting <dt.> |
| 700 | 1 | 2 | |a Bryson, Norman |d 1949- |t Looking at the overlooked <dt.> |
| 787 | 0 | 8 | |i Rezensiert in |a Michalsky, Tanja, 1964 - |t [Rezension von: Norman Bryson, Stilleben] |d 2004 |w (DE-627)1919527516 |
| 856 | 4 | 2 | |u http://media.obvsg.at/AC03657808-1001 |m V:AT-OBV |q application/pdf |v 20090625000000 |3 Inhaltsverzeichnis |7 1 |
| 856 | 4 | 2 | |u https://swbplus.bsz-bw.de/bsz103904409rez.htm |m V:DE-576 |v 2005-06-06 |3 Rezension |7 1 |
| 856 | 4 | 2 | |u http://www.sehepunkte.de/2004/04/4411.html |m V:DE-576;X:Sehepunkte |q text/html |v 20180424122855 |3 Rezension |7 1 |
| 935 | |i Blocktest | ||
| 936 | r | v | |a CC 6900 |b Abhandlungen zur Ästhetik und Kunstphilosophie |k Philosophie |k Systematische Philosophie |k Ästhetik und Kunstphilosophie |k Abhandlungen zur Ästhetik und Kunstphilosophie |0 (DE-627)1270699040 |0 (DE-625)rvk/17665: |0 (DE-576)200699040 |
| 936 | r | v | |a LH 70480 |b Stillleben |k Kunstgeschichte |k Allgemeines. Allgemeine Kunstgeschichte |k Kunstgeschichte einzelner Gattungen der Kunst |k Malerei |k Gegenstände (Darstellungen nichtikonographischen Charakters) |k Stillleben |0 (DE-627)1270650955 |0 (DE-625)rvk/94831: |0 (DE-576)200650955 |
| 936 | b | k | |a 21.19 |j Malerei: Sonstiges |0 (DE-627)106406663 |
| 936 | b | k | |a 21.02 |j Geschichte der Malerei |0 (DE-627)106406698 |
| 951 | |a BO | ||
| 990 | |a Malerei | ||
| 990 | |a Stillleben | ||
| 990 | |a Stillleben | ||
| 991 | |a Rezensiertes Werk | ||
| 999 | |a KXP-PPN358060664 |e 4988427730 | ||


